Tutela de la libertad sindical

Guardat en:
Dades bibliogràfiques
Autor principal: Toledo Corsi, César (Autor)
Format: Llibre
Idioma:espanyol
Publicat: Santiago Legal Publishing 2013
Matèries:
Etiquetes: Afegir etiqueta
Sense etiquetes, Sigues el primer a etiquetar aquest registre!

MARC

LEADER 00000cam a2200000 a 4500
001 UCF6427
003 CL-VaPUC
008 130425e20130100CL |||||||||||||||||spa|d
020 |a 9789563462968 
082 0 4 |a 344.018  |b TOL  |2 21 
100 0 |a Toledo Corsi, César  |e author  |9 568405 
245 1 0 |a Tutela de la libertad sindical 
300 |a 383 p 
942 |c BK 
945 |d 20130425 00:00:00  |a dcastane 
260 |a Santiago  |b Legal Publishing  |c 2013 
650 7 |a DERECHO LABORAL  |2 CL-VaPUC  |9 15 
650 0 |a Sindicatos  |9 255034 
650 0 |a Libertad sindical  |9 387480 
650 0 |a Negociación colectiva  |9 312433 
650 7 |a PRACTICAS ANTISINDICALES  |2 CL-VaPUC  |9 541915 
583 |a last modification  |c 20170803 01:07:28  |k Rodrigo Vera 
999 |c 351626  |d 351624 
952 |0 0  |1 0  |4 0  |6 344_018000000000000_TOL_2013  |7 0  |8 A  |9 455823  |a BIBDER  |b BIBDER  |d 2019-11-22  |i 4965930  |l 10  |m 7  |o 344.018 TOL 2013  |p 4965930  |r 2025-04-01  |s 2025-03-25  |w 2019-11-22  |y BK  |k DER